Ako rokovať o cene?

Peniaze ako dôležitá téma pri obchodovaní. Päť zásad rokovania o cene.

Enregistré dans:
Détails bibliographiques
Auteur principal: Mišík, Martin
Format: Chapitre de livre
Langue:slovaque
Sujets:
Tags: Ajouter un tag
Pas de tags, Soyez le premier à ajouter un tag!

MARC

LEADER 00000naa a2200000 4500
001 0201841
005 20230912114558.5
041 0 |a slo 
044 |a SK 
245 1 0 |a Ako rokovať o cene?  |c Martin Mišík 
520 |a Peniaze ako dôležitá téma pri obchodovaní. Päť zásad rokovania o cene. 
610 2 0 |a obchod 
610 2 0 |a obchodníci 
610 2 0 |a tvorba cien 
610 2 0 |a funkcie ceny 
610 2 0 |a stimulácia cenová 
610 2 0 |a rozpätie cenové 
610 2 0 |a zisk obchodný 
100 1 |a Mišík, Martin